| 000 | 01103nam a2200265Ia 4500 | ||
|---|---|---|---|
| 003 | OSt | ||
| 005 | 20221005105140.0 | ||
| 006 | a|||||r|||| 00| 0 | ||
| 007 | ta | ||
| 008 | 221004b |||||||| |||| 00| 0 hin d | ||
| 020 |
_a8179750620 (hbk) _c440 |
||
| 024 | _a97470 | ||
| 037 |
_b431, 25/03/2009, Swaraj Prakashan _cTextual |
||
| 040 |
_aCRL _cCRL _bhin |
||
| 041 |
_2hin _ahin |
||
| 082 | _a4,420aW, 152P4 | ||
| 100 | _aचतुर्वेदी, जगदीश्वर | ||
| 245 | 0 | _aटेलिविजन, संस्कृति और राजनीति | |
| 246 | _aṬelivijana, sanskṛuti aur rājanīti | ||
| 260 |
_aनई दिल्ली _bअनामिका पब्लिशर्स एंड डिस्ट्रीब्यूटर्स प्रा. लि. भारत _c2004 |
||
| 300 |
_a264पृ0 _ccm. |
||
| 650 | _aहिन्दी पत्रकारिता | ||
| 942 |
_h4,420aW, 152P4 _cTEXL _2cc |
||
| 999 |
_c1014927 _d1014927 |
||